000 01325nam a22003737a 4500
003 CHAP
005 20220329140153.0
008 971013s1984 r 00010 d
010 _a48025
011 _a48997
035 _a53145
040 _cCHAP
082 _a371.072
_bU5 v.5
100 0 0 _aSalinas Alvarez, Samuel.
_9101631
245 _aMaestros y estado
_b: estudio de las luchas magisteriales
260 _aMéxico, D.F. :
_bLínea,
_c1984
300 _a2v
490 _aSer. Estado y educación en México
590 _aBATCH-UPD
_b10
_c20130110
_lUCH01
_h0200
590 _aBATCH-UPD
_b10
_c20130110
_lUCH01
_h1233
590 _aBATCH-UPD
_b10
_c20130410
_lUCH01
_h0803
590 _aBATCH-UPD
_b10
_c20130914
_lUCH01
_h1237
590 _aCONVERSION
_b10
_c20130109
_lUCH01
_h1326
650 1 4 _aEducación
_xMéxico.
_935466
650 1 4 _aPolítica educativa
_zMéxico.
_990561
700 0 _aImaz Gispert, Carlos.
_957450
710 0 _aUniversidad Autónoma de Guerrero.
_9116322
710 0 _aUniversidad Autónoma de Zacatecas.
_9116356
830 0 _aSer. Estado y educación en México
_9104520
901 _aBK
942 _cLIBRO
949 _a371.072 U5 v.5
_bBC
_cLIBRO
_d33724000379301
_eLIBRO
_fpte.2
_h68949
_i53145
_mD
_si
949 _a371.072 U5 v.5
_bBC
_cLIBRO
_d33724000379335
_eLIBRO
_fpte.1
_h68948
_i53145
_mD
_si
999 _c48025
_d48025